La lengua viva : contribución experimental a la enseñanza de la lectura /
Guardado en:
| Autor Principal: | |
|---|---|
| Formato: | Libro |
| Publicado: |
Buenos Aires :
Kapelusz,
1974
|
| Edición: | 2 |
| Materias: | |
| Etiquetas: |
Agregar Etiqueta
Sin Etiquetas, Sea el primero en etiquetar este registro!
|
| LEADER | 00944nam a22002295a 4500 | ||
|---|---|---|---|
| 001 | CEM.cems005733 | ||
| 005 | 20060214000000.0 | ||
| 008 | 130507s1974##################000#0#####d | ||
| 003 | CEMS | ||
| 082 | 0 | 4 | |a 372.6 |
| 100 | 1 | |a Salotti, Martha A. | |
| 245 | 1 | 0 | |a La lengua viva : |b contribución experimental a la enseñanza de la lectura / |
| 250 | |a 2 | ||
| 260 | |a Buenos Aires : |b Kapelusz, |c 1974 | ||
| 300 | |a 213 | ||
| 505 | 0 | |a La maestra Martha Salotti.-De los fundamentos.-De lo entonaci¢n.-De la introducci¢n a la lectura expresiva.-De la metodolog¡a "de la introducci¢n a la lectura expresiva".-Del recitado.-De la herramienta.- | |
| 653 | |a Educacion | ||
| 653 | |a Educacion primaria | ||
| 653 | |a Lectura-enseñanza | ||
| 859 | |a CEMS |b BIB. CEMS - 11 de abril |h 372.6 |i Sa36-1a2 |p 6270.77 |t Ej.1 | ||
| 859 | |a CEMS |b BIB. CEMS - 11 de abril |h 372.6 |i Sa36-1a2 |p 6756.79 |t Ej.2 | ||
| 859 | |a CEMS |b BIB. CEMS - 11 de abril |h 372.6 |i Sa36-1a2 |p 6819.79 |t Ej.3 | ||
